| 000 | 00364nam a2200145Ia 4500 | ||
|---|---|---|---|
| 008 | 230917s9999||||xx |||||||||||||| ||und|| | ||
| 040 |
_e37805 _aMAIN |
||
| 041 | _aEnglish | ||
| 082 | _a823.7 T325S:W | ||
| 100 | _aSastri, P S | ||
| 245 | 0 | _aW M Thackeray: The novelist | |
| 260 |
_aAllahabad _bKitab Mahal (C.D) Private _c1963 |
||
| 300 | _a29 p. | ||
| 942 | _cBK | ||
| 999 |
_c191852 _d191852 |
||